000 00921nam a2200217 a 4500
001 000870695
003 AM-YeHGA
005 20250617145208.0
008 120228s1974 ru r 000 0 rus d
040 _aAM-YeHGA
041 0 _arus
245 0 0 _aВопросы физиологии сельскохозяйственных животных /
_cМСХ СССР; Кубан. с.-х. ин-т.
260 _aКраснодар :
_bБ. и.,
_c1974.
300 _aЧасть ;
_c20 см.
505 1 0 _gЧ. 2 (1974, 188 с., рис., табл.)
_gЧ. 3 (1976, 207 с., рис., табл.)
650 1 4 _aПлодоводство, ягодоводство и лесоводство
650 1 4 _aЖивотноводство
710 2 _aМинистерство сельского хозяйства CССР
710 2 _aКубанский сельскохозяйственный институт
090 _c309513
999 _c307804
_d307804